Gusti, en el misterio del ojo de amarú : y otros cuentos /
Guardado en:
| Autor Principal: | |
|---|---|
| Otros Autores: | , |
| Formato: | Libro |
| Publicado: |
Buenos Aires :
Riderchail Editions,
2014
|
| Series: | Enigmáticos
|
| Materias: | |
| Etiquetas: |
Agregar Etiqueta
Sin Etiquetas, Sea el primero en etiquetar este registro!
|
| LEADER | 00842nam a22002535a 4500 | ||
|---|---|---|---|
| 001 | CEM.cems015087 | ||
| 005 | 20190930170445.0 | ||
| 008 | 130507s2014##################000#0#####d | ||
| 003 | CEMS | ||
| 020 | |a 9789871603480 | ||
| 082 | 0 | 4 | |a A868.4 |
| 100 | 1 | |a Repún, Graciela | |
| 245 | 1 | 0 | |a Gusti, en el misterio del ojo de amarú : |b y otros cuentos / |c Graciela Repún y Enrique Melantoni ; ilustrado Por Emiliano Pereyra |
| 260 | |a Buenos Aires : |b Riderchail Editions, |c 2014 | ||
| 300 | |a 32 p. | ||
| 490 | 0 | |a Enigmáticos | |
| 653 | |a Literatura | ||
| 653 | |a Literatura argentina | ||
| 653 | |a Literatura infantil | ||
| 653 | |a Cuentos infantiles | ||
| 653 | |a Colección ciencias de la educación | ||
| 700 | 1 | |a Melantoni, Enrique | |
| 700 | 1 | |a Pereyra, Emiliano; il. | |
| 859 | |a CEMS |b BIB. CEMS - Ccias. Educacion |h A868.4 |i R299 |k CE |p 28056.19 |t Ej.1 | ||
